Statistics for Top 20 Astros: All-Time Home Run Leaders

Click here to take the quiz!

General Stats

  • This quiz has been taken 55 times
  • The average score is 9 of 20

Answer Stats

Home RunsAnswer% Correct
449Jeff Bagwell
95%
291Craig Biggio
89%
326Lance Berkman
86%
106Jose Altuve
84%
92Carlos Correa
75%
138George Springer
75%
138Jose Cruz
55%
166Glenn Davis
43%
163Cesar Cedeno
34%
95Moises Alou
34%
133Carlos Lee
32%
223Jimmy Wynn
32%
139Bob Watson
27%
134Richard Hidalgo
27%
103Ken Caminiti
25%
105Morgan Ensberg
16%
103Hunter Pence
16%
96Evan Gattis
16%
90Chris Carter
16%
128Doug Rader
9%

Score Distribution

Percentile by Number Answered

Percent of People with Each Score

Your Score History

You have not taken this quiz